Tekst piosenki "Ale Jazz" - Statystyki

Ogólne statystyki
  • Ten quiz został rozwiązany 617 razy
  • Średni wynik to 27 z 42
Statystyki odpowiedzi
Tekst % Poprawnych
Kawka {na} {wynos} dzisiajtowarzyszy mi
96%
Ja łagodnie {uśmiechnięta}
88%
Oh, {ale} {jazz}
88%
Codziennie narzekałamgdzie ten {happy} {end}
82%
Gdzie {Romeo} był
82%
Tak na maksa {wieje} też
82%
{Hardkorowo} pada deszcz
81%
Ja łagodnie {uśmiechnięta}
80%
Ja łagodnie {uśmiechnięta}
77%
Szekspirowski {sznyt}całe noce mi się śnił
77%
Jeszcze nie przyszła a o {8} miała być
74%
{Błyska} gdzieś
73%
Ja nie pytam już i wiem,{o} {co} {chodzi} mu
72%
Oh, {ale} {jazz}
72%
Ja łagodnie {uśmiechnięta}
71%
To cappuccino niesłodzone będę {fit}
71%
Me vibrato chciało {dalej} się wznieść
70%
{Hardkorowo} pada deszcz
69%
Tak na maksa {wieje} też
69%
{Hardkorowo} pada deszcz
68%
Ja łagodnie {uśmiechnięta}
68%
Moje oczy {błyszczą} {też}
67%
Na {mej} {dłoni} czuję dreszcz
67%
Ja łagodnie {uśmiechnięta}
66%
Widzę {na} {insta} kawkę woli sama pić
64%
{Błyska} gdzieś
63%
Ale ze mnie {dzban} teraz szansę ma inny kolo
62%
A w mej głowie {luz}
60%
{Hardkorowo} pada deszcz
60%
Moje oczy {błyszczą} {też}
60%
Na {mej} {dłoni} czuję dreszcz
59%
Ja łagodnie {uśmiechnięta}
46%
Moje oczy {błyszczą} {też}
45%
Na {mej} {dłoni} czuję dreszcz
45%
Nie mam siły {się} {tak} {czuć}
45%
{Błyska} gdzieś
44%
Ja łagodnie {uśmiechnięta}
44%
{Hardkorowo} pada deszcz
41%
{A} {Ty} {chodzisz} uśmiechnięta
37%
Czy ty, ty, ty, ty, {nie} {lubisz} {mnie} już?
36%
Oh, {ale} {blues}
32%
Dziś poznałem co to {chłód}
30%
Nie znaleziono quizów pasujących do podanych kryteriów
Rozkład punktacji
Procent ludzi z każdym wynikiem
Percentyl według liczby udzielonych odpowiedzi
Twoja historia wyników
Nie rozwiązałeś tego quizu